Statistiken für Litauen- Quiz

Klicken Sie hier um das Quiz zu spielen!

Allgemein

  • Dieses Quiz wurde 39 mal gespielt
  • Das Durchschnittsergebnis liegt bei 6 aus 15

Antwortstatistiken

HintAntwort% Korrekt
HauptstadtVilnius
100%
Litauen gehört neben Estland und Lettland zu den... Staatenbaltischen
83%
Litauen wurde zuletzt unabhängig von diesem StaatSowjetunion
72%
Litauen grenzt an diese russische ExklaveKaliningrad
67%
zweitgrößte StadtKaunas
61%
NationalsportBasketball
56%
drittgrößte StadtKlaipeda
39%
die größte ethnische MinderheitPolen
36%
früherer Name dieser StadtMemel
19%
UNESCO Weltkulturerbe (im Westen)Kurische Nehrung
17%
welcher berühmte Autor hatte hier (auf dem Weltkulturerbe) sein SommerhäuschenThomas Mann
14%
längste Menschenkette aller Zeiten, die in Vilnius begannbaltischer Weg
8%
beliebte PilgerstätteBerg der Kreuze
8%
erste litauische StaatspräsidentinDalia Grybauskaite
8%
was kann man in dieser Stadt überall finden (z.B. einen Geist, eine Maus)Statuen
6%

Verteilung der Resultate

Perzentil nach korrekt beantworteten Fragen

Anzahl Personen mit jedem Resultat

Ihre Resultats-Entwicklung

Sie haben dieses Quiz noch nicht gespielt